Приказки (Запис номер 392085)
[ съкратено ]
| 000 -Лидер | |
|---|---|
| Контролно поле с фиксирана дължина | 01580nam a2200337 a 4500 |
| 003 - Код на организацията, давaща контролен номер | |
| Контролно поле | BLK |
| 005 - Дата и час на последна редакция | |
| Контролно поле | 20250315005705.0 |
| 008 - Елементи от данни с фиксирана дължина | |
| fixed length control field | 201207b bu |||||r|||| 00| | bu d |
| 020 ## - Международен стандартен номер на книга ISBN | |
| Международен стандартен номер на книга ISBN | 9786197350364 |
| 040 ## - Източник на каталожния запис | |
| Идентификатор на билиотеката - собственик на записа | BLK |
| 041 ## - Код за език | |
| Код за езика на текст/звукозапис или на отделно заглавие | Български |
| Код за езика КДБФ | Български |
| 080 ## - УДК | |
| Текстов определител УДК | Немска литература |
| УДК код - определител по УДК | 821.112.2 |
| УДК определител | -93-34 |
| УДК - код + определител | 821.112.2-93-34 |
| 100 ## - Редна дума - Автор | |
| Автор | Грим, Якоб |
| Дати, свързани с автора | 1785 - 1863 |
| Авторска отговорност | първи автор |
| R(LIN) | 363316 |
| 139 ## - Редно поле | |
| Редна дума | Грим, Якоб и др. |
| 240 ## - Унифицирано заглавие | |
| Унифицирано заглавие | Grimm fairy Tales |
| 245 ## - Сведения за заглавието | |
| Заглавие | Приказки |
| Редно поле (дума) | Якоб и Вилхелм Грим; подб.Лизбет Цвергер; ил. Лизбет Цвергер; прев. от нем. Ана Димова |
| 257 ## - Страна на издаване | |
| Страна на създаване/издаване | Германия |
| 260 ## - Област на издателските данни | |
| 9 (RLIN) | 216827 |
| Място на издаване, разпространение и проч. | София |
| Име на издателя, разпространителя и проч. | Лист |
| Година на издаване | 2018 |
| Печатница | Костинброд : Мултипринт ООД |
| Издателство - префикс ISBN | 978-619-7350- |
| 300 ## - Физическа характеристика | |
| Размери/Мащаб | 30 см |
| Страници | 96 с. |
| Илюстрации и др. | с цв. ил. |
| 380 ## - Жанр | |
| Жанр | Детска худож. лит. |
| 500 ## - Общи забележки | |
| Забележка | Ориг. загл.: Grimm fairy Tales. - Устното творчество, съхранено за поколенията. Събирателската работа на братята Якоб и Вилхелм Грим / Вернер Тусвалднер: с. 4 |
| 700 ## - Други автори (авторска отговорност) | |
| Лично име | Грим, Вилхелм |
| Дати, свързани с автора | 1786 - 1859 |
| Автороска отговорност (Описва отношението между автора и произведението) | съавт. |
| 9 (RLIN) | 363315 |
| 700 ## - Други автори (авторска отговорност) | |
| 9 (RLIN) | 599 |
| Лично име | Цвергер, Лизбет |
| Автороска отговорност (Описва отношението между автора и произведението) | ил. |
| 700 ## - Други автори (авторска отговорност) | |
| 9 (RLIN) | 878 |
| Лично име | Цвергер, Лизбет |
| Автороска отговорност (Описва отношението между автора и произведението) | подб. |
| 700 ## - Други автори (авторска отговорност) | |
| 9 (RLIN) | 241586 |
| Лично име | Димова, Ана Стоева |
| Автороска отговорност (Описва отношението между автора и произведението) | прев. от нем. |
| 852 ## - Местоположение | |
| Форматна сигнатура | Цб ІІ 29617 |
| Фондова буква | Хранилище |
| 999 ## - СИСТЕМНИ КОНТРОЛНИ НОМЕРА | |
| Koha biblionumber | 392085 |
| Koha biblioitemnumber | 392085 |
| 942 ## - АРТИКУЛИ | |
| Вид на библиотечния материал | Книги |
| Скрит в OPAC | Не |
| Периодичен библиозапис | Да |
| 944 ## - СЪЗДАВАНЕ И РЕДАКЦИЯ на ЗАПИСА | |
| Създаване/Редакция | Създаване |
| Служител, извършил регистрацията/редакцията | |
| Статус, дата на статуса | CRON CRON |
| 944 ## - СЪЗДАВАНЕ И РЕДАКЦИЯ на ЗАПИСА | |
| Създаване/Редакция | Създаване |
| Служител, извършил регистрацията/редакцията | СТ |
| Дата на регистрацията/редакция | 2021-02-25 |
| 999 ## - СИСТЕМНИ КОНТРОЛНИ НОМЕРА | |
| Koha biblioitemnumber | 392085 |
| Код за отписване | Код за изгубен артикул | Източник на класификационната схема | Код за повреда | Коз за рестрикции | Код за отдаване | Артикулен № | Име на библиотеката - собственик | Име на библиотеката, в която се намира в момента | Статус (Текущо местоположение) | Дата на вписване в системата | Местоположение - отдел | Цена в лева | Систематично азбучна сигнатура | Баркод | Цена в евро | Служебен тип на артикула |
|---|---|---|---|---|---|---|---|---|---|---|---|---|---|---|---|---|
| Не е изгубен | Universal Decimal Classification | Не е повреден | само за читалня | ползва се в читалня | 813579 | Регионална библиотека "Любен Каравелов" Русе | Регионална библиотека "Любен Каравелов" Русе | Хранилище | 2021-02-26 | Хранилище | 16.00 | Цб ІІ 29617 | 120000850987 | 8.18 | Книги |